| 000 | 00673nam a22002175i 4500 | ||
|---|---|---|---|
| 001 | 81425 | ||
| 003 | ES-MaACL | ||
| 005 | 20250716062621.0 | ||
| 007 | t| | ||
| 008 | 041104s1971 sp ||||0| spa d | ||
| 040 |
_aM-BN _bspa _cM-BN |
||
| 100 | 1 |
_aHugo, Victor, _d1802-1885 _964627 |
|
| 245 | 1 | 0 |
_aManifiesto romántico / _cVictor Hugo ; [traducción de Jaume Melendres ; introducción de Henri de Saint-Denis]. |
| 260 |
_aBarcelona : _bPenínsula, _c1971. |
||
| 300 |
_a152 p. ; _c19 cm. |
||
| 700 | 1 |
_aMelendres, Jaume. _979934 |
|
| 700 | 1 |
_aSaint-Denis, Henri de. _9101518 |
|
| 852 |
_aES-MaACL _jC-41598 _bR.79810 |
||
| 999 |
_c81425 _d81425 |
||